| 000 | 00512nam a2200169 a 4500 | ||
|---|---|---|---|
| 005 | 20140310183316.0 | ||
| 008 | 051129s19uu xx 00 eng d | ||
| 020 | _a9241546220 | ||
| 050 |
_aRJ 254 _b.M311 2005 |
||
| 110 | _aIntegrated Management of Pregnancy and Childbirth | ||
| 245 |
_aManaging newborn problems : _ba guide for doctors, nurses, and midwives / |
||
| 260 |
_aIndia : _bAITBS, _c2005. |
||
| 300 | _c22 cm. | ||
| 650 |
_aInfants (Newborn) _xDisease. |
||
| 942 |
_cBK _2lcc _kFOR |
||
| 999 |
_c21292 _d21292 |
||